El encuadre legal de las sociedades de profesionales a partir del 1/8/2015 (Registro nro. 12097)

Detalles MARC
000 -LEADER
fixed length control field 00378 a2200121 4500
001 - CONTROL NUMBER
control field ART_35143
005 - DATE AND TIME OF LATEST TRANSACTION
control field 20260410161627.0
008 - FIXED-LENGTH DATA ELEMENTS--GENERAL INFORMATION
fixed length control field 260409a
100 1# - MAIN ENTRY--PERSONAL NAME
Personal name Bello, Alberto M.
245 10 - TITLE STATEMENT
Title El encuadre legal de las sociedades de profesionales a partir del 1/8/2015
700 1# - ADDED ENTRY--PERSONAL NAME
Personal name Domínguez, Marcelo E.
773 0# - HOST ITEM ENTRY
Title Enfoques
Related parts - Nº 10 (oct. 2015)
Record control number REV416

No hay ítems disponibles.